Dark romance - Statistiques

Statistiques générales
  • Ce quiz a été pris 571 fois
  • Le résultat moyen est 10 sur 20
Statistiques - réponses
Question Réponse % Correct
Dans Captive, avec quoi Asher brule t'il la main d'Ella ? Avec une plaque de cuisson
83%
Dans le livre Kiara, diamant écorché par le sang, qui est le protagonistes mâle principal ? Amir
82%
Dans ce même livre, qui est Rufus ? Un hamster
75%
Qui a écrit le livre Beautiful Sinner ? Anita Ricins
63%
Dans le livre Valentina, comment s'appelle la cousine de Valentina ? Paloma
62%
Qu'est ce qu'on volé Valentina et sa cousine ? De la drogue
58%
Dans le livre Lakestone, quelle est la couleur des yeux de Iris ? Vert / Bleu
58%
Dans ce même livre, qui est Ahlan pour Eden ? C'est le fils du bras droit de son père
57%
Dans ce même livre, quelle est la quête principale des personnages ? Trouver une clé informatique
57%
Dans le livre Bound by honor, qui sont les personnages principaux ? Aria et Luca
53%
Quel est le surnom d'Asher dans le téléphone de Kiara ? Hacheur Scotch
52%
Qui a écrit la série de livre The Mafia Chronicles ? Cora Reilly
43%
Comment s'appellent les deux frères au service de Preto ? Esteban et Sebastian
41%
Dans le livre Russian Mafia, comment s'appellent les jumeaux ? Vitali et Varlam
36%
Dans l'ombre d'Adeline, quelle profession exerce Adeline ? Auteure
35%
Qui a écrit ce même livre ? Emily McIntire
33%
Comment s'appelle la collection de livre auquel appartient Hooked ? Never after
33%
Dans l'ombre d'Adeline, comment s'appelle la meilleure amie d'Adeline ? Daya
28%
Dans ce même livre, qui est le dirigeant de la mafia de Chicago ? La famille d'Aria
18%
Dans le livre Hooked, qui est Wendy pour Michael ? Sa fille
15%
Aucun quiz correspondant
Distribution des résultats
% des personnes avec chaque résultat
Percentile par nombre de réponses
Votre historique - résultats
Vous n’avez pas pris ce quiz